000 00653nam a2200229Ia 4500
003 OSt
005 20220926043222.0
006 a|||||r|||| 00| 0
007 ta
008 220923b |||||||| |||| 00| 0 eng d
037 _cGeneral Book
040 _aRTL
_cRTL
_beng
041 _2eng
_aeng
082 _aX9:75:2:N4, H7
110 _aAll India Manufacturers Association
_9347434
245 0 _aRapid development of Indian industries
_b Report of
260 _c1947
650 _aIndustrial Economy
700 _aAll India Manufacturers Association
_9347435
942 _hX9:75:2:N4, H7
_cGB
_2CC
999 _c671794
_d671794